00435 2200169 4500001002100000005001500021008004100036020001500077035001900092041000700111082001000118090001600128100002000144245003200164260004500196300002400241INLIS00000000003039320241224132947241224||||||||| | ||| |||| || |  a9796058472 0010-1224030393 aid0 a155.3 a155.3 GRA m0 aJohn Gray, Ph.D00aMARI MENULIS HURUF MANDARIN aJakartabpt gramedia pustaka utamac2005 a260 HLM,;21 X 14 CM